| 000 | 00586nam a2200181 i 4500 | ||
|---|---|---|---|
| 001 | 38081 | ||
| 003 | ES-MaACL | ||
| 005 | 20230906155707.0 | ||
| 007 | t| | ||
| 008 | 030224s1845 sp ||||1| spa d | ||
| 100 | 1 |
_aCabello, F. _933169 |
|
| 245 | 1 | 0 |
_aHistoria de la guerra última en Aragón y Valencia / _cescrita por F. Cabello, F. Santa Cruz y M. Temporado. |
| 260 |
_aMadrid : _b[s.n., _c1845] ( _fImp. del Colegio de Sordo-Mudos y de Ciegos) |
||
| 300 |
_a2 v. ; _c25 cm. |
||
| 700 | 1 |
_aSanta Cruz, F. _9103234 |
|
| 700 | 1 |
_aTemporado, M. _9109676 |
|
| 852 |
_aES-MaACL _jG-5308-9 |
||
| 999 |
_c38081 _d38081 |
||